| 000 | 00447nam a2200157Ia 4500 | ||
|---|---|---|---|
| 005 | 20240419013541.0 | ||
| 008 | 240331s9999 xx 000 0 und d | ||
| 020 | _a955905211X | ||
| 082 |
_bGEN _a331.4 |
||
| 245 | 0 |
_aGender and society : _bsome contemporary issues _cCenter for women's Research. |
|
| 260 |
_aColombo : _bCentre for women's research ( CENWOR) _c1992. |
||
| 300 | _a69 P ., | ||
| 650 | _aWomen | ||
| 700 |
_aCenwor _eedt |
||
| 942 | _cL | ||
| 999 |
_c2631 _d2631 |
||